Levantamientos subterráneos
Guardado en:
| Hovedforfatter: | |
|---|---|
| Format: | Bog |
| Udgivet: |
[San José , Costa Rica]
1978
|
| Tags: |
Tilføj Tag
Ingen Tags, Vær først til at tagge denne postø!
|
MARC
| LEADER | 00000nam a2200000Ia 4500 | ||
|---|---|---|---|
| 003 | PIT156 | ||
| 005 | 20231208101617.0 | ||
| 008 | 140116s1978 c a m 000 ||s d | ||
| 040 | |c cru CEDI | ||
| 090 | |a PIT-156 | ||
| 100 | |a Agüero Sibaja, Jorge Enrique, 1958- |9 2034 | ||
| 245 | |a Levantamientos subterráneos | ||
| 260 | |a [San José , Costa Rica] |c 1978 | ||
| 300 | |a 17 hojas | ||
| 500 | |a Universidad de Costa Rica. Facultad de Ingeniería. Carrera de Perito Topógrafo. Trabajo para aprobar la materia de Topografía Aplicada II T0305. | ||
| 942 | |c PIT |h PIT-156 |i PIT156 |6 PIT_156_PIT156 | ||
| 999 | |c 13503 |d 13503 | ||
